000 00475nam a22001457a 4500
005 20251124161040.0
008 251124b |||||||| |||| 00| 0 eng d
020 _a978-81-8038-889-4
100 _aWIDDICOMBE, KAREN
245 _aTHE ALL ENGLAND LAW REPORTS 2009
260 _aLONDON
_bLEXISNEXIS
_c2009
300 _aXVII, 1260P.
650 _a1.LAW REPORTS, DIGESTS ETC -ENGLAND AND WALES 2. LAW -ENGLAND AND WALES -CASES 3. COURTS -ENGLAND AND WALES
942 _2lcc
_cREF
999 _c216270
_d216270